[Event "Campeonato de España sub-18 2011"]
[Site "Padron ESP"]
[Date "2011.07.26"]
[Round "3.14"]
[White "Jordan Martinez, Miguel"]
[Black "Nicolas Zapata, Javier"]
[Result "1/2-1/2"]
[WhiteElo "2189"]
[BlackElo "1982"]
[PlyCount "85"]
[EventDate "2011.07.25"]
[EventType "swiss"]
[EventRounds "9"]
[EventCountry "ESP"]
[Source "lmi"]
[SourceDate "2011.07.25"]

1. e4 e5 2. Nf3 Nc6 3. Bc4 Nf6 4. d3 Bc5 5. O-O d6 6. c3 O-O 7. Bg5 h6 8. Bh4
Bg4 9. h3 Bh5 10. g4 Bg6 11. Bg3 Na5 12. Bb5 a6 13. Ba4 Nc6 14. Nh4 d5 15. Nxg6
fxg6 16. Qe2 dxe4 17. dxe4 Qe7 18. Nd2 b5 19. Bb3+ Kh7 20. a4 Rab8 21. axb5
axb5 22. Nf3 b4 23. Bd5 Nxd5 24. exd5 e4 25. Ne1 Ne5 26. Kh1 bxc3 27. bxc3 Nf3
28. Nxf3 Rxf3 29. Ra4 Rxc3 30. Rxe4 Qf7 31. Kh2 Qxd5 32. Rd1 Qb3 33. Rd7 Rc2
34. Rd2 Rxd2 35. Qxd2 Ra8 36. Kg2 Ra2 37. Qd7 Qb7 38. Qe6 Ra4 39. Kf3 Bd6 40.
Bxd6 cxd6 41. h4 Ra3+ 42. Kg2 d5 43. h5 1/2-1/2

[Event "Campeonato de España sub-18 2011"]
[Site "Padron ESP"]
[Date "2011.07.26"]
[Round "3.15"]
[White "Gil Quilez, David"]
[Black "Perez-cuadrado Robles, Alejandro"]
[Result "1/2-1/2"]
[WhiteElo "2182"]
[BlackElo "1977"]
[PlyCount "109"]
[EventDate "2011.07.25"]
[EventType "swiss"]
[EventRounds "9"]
[EventCountry "ESP"]
[Source "lmi"]
[SourceDate "2011.07.25"]

1. e4 g6 2. d4 c6 3. Nc3 d5 4. h3 dxe4 5. Nxe4 Bg7 6. Nf3 Nd7 7. Bc4 Ngf6 8.
Ng3 O-O 9. O-O c5 10. c3 cxd4 11. Nxd4 a6 12. Re1 Qc7 13. Bb3 Nc5 14. Qe2 Nxb3
15. axb3 e6 16. Nb5 Qb8 17. Nd4 Qc7 18. Bd2 Rb8 19. c4 b6 20. Bc3 Bb7 21. Nf3
Nd7 22. Bxg7 Kxg7 23. Rad1 Rbd8 24. Qe3 Nf6 25. Ne5 Rxd1 26. Rxd1 Rd8 27. Rd4
Rxd4 28. Qxd4 Qc5 29. Qxc5 bxc5 30. f3 Kf8 31. Kf2 Ke7 32. Ke3 Nd7 33. Nxd7
Kxd7 34. Ne2 Kd6 35. Nc3 Bc6 36. Na2 a5 37. Nc1 f5 38. g3 e5 39. Ne2 g5 40. f4
h6 41. Nc3 Ke6 42. Ne2 Be4 43. fxg5 hxg5 44. Kd2 Bg2 45. h4 gxh4 46. gxh4 f4
47. Nc3 e4 48. Na4 Kd6 49. h5 Bh3 50. h6 Bf5 51. Ke2 Bh7 52. Kf2 Bg6 53. Ke2
Bf5 54. Kf2 Bg6 55. Ke2 1/2-1/2

[Event "Campeonato de España sub-18 2011"]
[Site "Padron ESP"]
[Date "2011.07.26"]
[Round "3.16"]
[White "Montañes Arribas, Adrian"]
[Black "Gomez Dieguez, David"]
[Result "1-0"]
[WhiteElo "2177"]
[BlackElo "1968"]
[PlyCount "67"]
[EventDate "2011.07.25"]
[EventType "swiss"]
[EventRounds "9"]
[EventCountry "ESP"]
[Source "lmi"]
[SourceDate "2011.07.25"]

1. e4 e5 2. Nf3 Nc6 3. Bb5 a6 4. Ba4 f5 5. d4 exd4 6. e5 Bc5 7. O-O Nge7 8. Bb3
d5 9. exd6 Qxd6 10. Ng5 Qf6 11. Re1 h6 12. Ne6 Bxe6 13. Bxe6 g5 14. Qh5+ Kf8
15. Bb3 Qg6 16. Qf3 Kg7 17. Re6 Qe8 18. h4 Nd8 19. Re1 Qg6 20. c3 Qf6 21. cxd4
Bxd4 22. Nc3 Bxc3 23. bxc3 Ng6 24. Qd5 Nxh4 25. Be3 Nc6 26. Qd7+ Kg6 27. Bxg5
Kxg5 28. f4+ Kxf4 29. Qd2+ Kg4 30. Bd1+ Nf3+ 31. Bxf3+ Kg3 32. Qf2+ Kf4 33.
Bd1+ Kg5 34. Qg3# 1-0

[Event "Campeonato de España sub-18 2011"]
[Site "Padron ESP"]
[Date "2011.07.27"]
[Round "4.1"]
[White "Colon Garcia, Enrique"]
[Black "Arribas Lopez, Angel"]
[Result "0-1"]
[WhiteElo "2276"]
[BlackElo "2443"]
[PlyCount "60"]
[EventDate "2011.07.25"]
[EventType "swiss"]
[EventRounds "9"]
[EventCountry "ESP"]
[Source "lmi"]
[SourceDate "2011.07.25"]

1. e4 c5 2. Nf3 d6 3. d4 cxd4 4. Qxd4 Nc6 5. Bb5 Bg4 6. Qd3 Nf6 7. Nc3 Nd7 8.
Be3 g6 9. Nd4 Nde5 10. Qd2 a6 11. Bf1 Be6 12. f4 Ng4 13. Nxe6 fxe6 14. Bg1 b5
15. Qe2 Nh6 16. O-O-O Qa5 17. Qf3 b4 18. e5 d5 19. Nxd5 exd5 20. Rxd5 Qxa2 21.
Rc5 Qa1+ 22. Kd2 Rd8+ 23. Bd3 Nb8 24. Rd5 Nf7 25. Rxd8+ Nxd8 26. Qa8 Bh6 27.
Qxb8 Bxf4+ 28. Ke2 O-O 29. g3 Bh6 30. Bd4 Qxh1 0-1

[Event "Campeonato de España sub-18 2011"]
[Site "Padron ESP"]
[Date "2011.07.27"]
[Round "4.2"]
[White "Pruja Ramirez De Cartagena, Marc"]
[Black "Pardo Simon, David"]
[Result "0-1"]
[WhiteElo "2269"]
[BlackElo "2388"]
[PlyCount "138"]
[EventDate "2011.07.25"]
[EventType "swiss"]
[EventRounds "9"]
[EventCountry "ESP"]
[Source "lmi"]
[SourceDate "2011.07.25"]

1. e4 e5 2. Nf3 Nc6 3. Bb5 a6 4. Ba4 Nf6 5. d3 b5 6. Bb3 Be7 7. O-O O-O 8. c3
d6 9. Re1 Na5 10. Bc2 c5 11. Nbd2 Nc6 12. Nf1 Nd7 13. Ne3 Nb6 14. Nd5 Be6 15.
Nxe7+ Qxe7 16. h3 Rac8 17. Be3 a5 18. Qe2 a4 19. d4 cxd4 20. cxd4 Nb4 21. Bb1
Nc4 22. a3 Nxe3 23. fxe3 Bc4 24. Qd2 Nc6 25. Bd3 Na5 26. Qxa5 Bxd3 27. Rac1
Bxe4 28. Qb4 Bxf3 29. gxf3 e4 30. f4 Qh4 31. Kg2 Qh5 32. Qd2 Qd5 33. Rc3 Rxc3
34. Qxc3 Qc4 35. Qxc4 bxc4 36. d5 Rb8 37. Re2 f5 38. Rc2 Kf7 39. Kf1 Rc8 40.
Ke1 Rc5 41. h4 g6 42. h5 Kf6 43. hxg6 hxg6 44. Ke2 g5 45. Rc1 g4 46. Rc2 Ke7
47. Rc1 Kd7 48. Rc2 Kc7 49. Kd2 Kb6 50. Kc3 Kb5 51. Rd2 Rc8 52. Rh2 Kc5 53. Rh1
Rg8 54. Rh2 g3 55. Rg2 Rg7 56. Kc2 Kxd5 57. Kd2 Kc5 58. Kc2 d5 59. Kc3 Rg4 60.
Kd2 d4 61. Ke2 c3 62. bxc3 dxc3 63. Kd1 Kc4 64. Kc2 Rg8 65. Rg1 g2 66. Rd1 Rb8
67. Rd4+ Kc5 68. Rd1 Rb2+ 69. Kxc3 Rb3+ 0-1

[Event "Campeonato de España sub-18 2011"]
[Site "Padron ESP"]
[Date "2011.07.27"]
[Round "4.3"]
[White "Coll Ortega, Jordi"]
[Black "Cruz Lledo, Pablo"]
[Result "0-1"]
[WhiteElo "2303"]
[BlackElo "2269"]
[PlyCount "80"]
[EventDate "2011.07.25"]
[EventType "swiss"]
[EventRounds "9"]
[EventCountry "ESP"]
[Source "lmi"]
[SourceDate "2011.07.25"]

1. e4 c6 2. d4 d5 3. e5 Bf5 4. h4 h5 5. Bg5 Qb6 6. Bd3 Bxd3 7. Qxd3 e6 8. Nd2
Ne7 9. Ngf3 c5 10. dxc5 Qxc5 11. O-O Nbc6 12. c3 Ng6 13. Rfe1 Be7 14. b4 Qb6
15. Bxe7 Ngxe7 16. a4 Qc7 17. Nb3 Nf5 18. a5 a6 19. Nc5 Rd8 20. Qd2 Rh6 21. g3
Rg6 22. Nd3 Qe7 23. Nf4 Rh6 24. Rab1 Kf8 25. Nd4 Ncxd4 26. cxd4 Kg8 27. Qd1 Rc8
28. Qd3 Rc4 29. Nxd5 exd5 30. Qxf5 Rxd4 31. b5 Qe6 32. bxa6 Qxf5 33. axb7 Rd2
34. b8=Q+ Kh7 35. Rf1 Rg6 36. Qb4 Re2 37. Rb2 Re4 38. Qe7 Qh3 39. Rb4 Rxg3+ 40.
fxg3 Re2 0-1

[Event "Campeonato de España sub-18 2011"]
[Site "Padron ESP"]
[Date "2011.07.27"]
[Round "4.4"]
[White "Ladron De Guevara Pinto, Paolo"]
[Black "Fernandez Garcia, Jose Miguel"]
[Result "1/2-1/2"]
[WhiteElo "2269"]
[BlackElo "2285"]
[PlyCount "61"]
[EventDate "2011.07.25"]
[EventType "swiss"]
[EventRounds "9"]
[EventCountry "ESP"]
[Source "lmi"]
[SourceDate "2011.07.25"]

1. e4 c5 2. Nf3 d6 3. d4 Nf6 4. Nc3 cxd4 5. Nxd4 e6 6. g4 Nc6 7. Rg1 Nd7 8. Be3
Nc5 9. Qd2 a6 10. O-O-O Bd7 11. Bg2 Rc8 12. Kb1 Ne5 13. Qe2 b5 14. f4 Nc4 15.
Bc1 Qb6 16. f5 Ne5 17. fxe6 fxe6 18. Qf2 Be7 19. g5 b4 20. Nce2 a5 21. Bh3 Nxe4
22. Qe3 Nc5 23. Bxe6 Nxe6 24. Nxe6 Qxe3 25. Nxg7+ Kf7 26. Bxe3 Kxg7 27. Bf4 Bf5
28. Nd4 Rhf8 29. Bg3 Kg8 30. Rge1 Bxg5 31. Bxe5 1/2-1/2

[Event "Campeonato de España sub-18 2011"]
[Site "Padron ESP"]
[Date "2011.07.27"]
[Round "4.5"]
[White "Forcen Esteban, Daniel"]
[Black "Rodriguez Ferraz, Borja"]
[Result "1-0"]
[WhiteElo "2441"]
[BlackElo "2125"]
[PlyCount "63"]
[EventDate "2011.07.25"]
[EventType "swiss"]
[EventRounds "9"]
[EventCountry "ESP"]
[Source "lmi"]
[SourceDate "2011.07.25"]

1. e4 e5 2. Nf3 Nc6 3. Bc4 Nf6 4. Ng5 d5 5. exd5 Na5 6. Bb5+ c6 7. dxc6 bxc6 8.
Qf3 Be7 9. Bd3 O-O 10. Nc3 h6 11. h4 Nd5 12. Bh7+ Kh8 13. Bf5 Kg8 14. d3 Rb8
15. Nge4 Re8 16. h5 Bf8 17. Rh3 Bxf5 18. Qxf5 Re6 19. Rf3 Qc7 20. g4 Nb7 21. g5
Nd6 22. Nxd6 Rxd6 23. Ne4 Re6 24. gxh6 gxh6 25. c4 Nb4 26. Nf6+ Rxf6 27. Qxf6
e4 28. Rg3+ Kh7 29. Qf5+ Kh8 30. Bf4 Nc2+ 31. Kd1 Qb7 32. Be5+ 1-0

[Event "Campeonato de España sub-18 2011"]
[Site "Padron ESP"]
[Date "2011.07.27"]
[Round "4.6"]
[White "Montañes Arribas, Adrian"]
[Black "Alcaraz Ortega, Javier"]
[Result "1-0"]
[WhiteElo "2177"]
[BlackElo "2248"]
[PlyCount "87"]
[EventDate "2011.07.25"]
[EventType "swiss"]
[EventRounds "9"]
[EventCountry "ESP"]
[Source "lmi"]
[SourceDate "2011.07.25"]

1. e4 d5 2. exd5 Qxd5 3. Nc3 Qa5 4. d4 Nf6 5. Bc4 Bg4 6. f3 Bd7 7. Nge2 e6 8.
O-O Be7 9. Ne4 Bb5 10. Bb3 Qa6 11. Re1 Nbd7 12. c3 O-O 13. Nf4 c5 14. Nxf6+
Nxf6 15. Nxe6 Rfc8 16. Nxg7 Kxg7 17. Rxe7 c4 18. Bc2 Re8 19. Rxe8 Rxe8 20. Qd2
Kh8 21. Qf2 Qe6 22. Bd2 Qe2 23. Re1 Qxf2+ 24. Kxf2 Rxe1 25. Kxe1 Bc6 26. Bh6
Nd5 27. Be4 Kg8 28. Kd2 f6 29. h4 Ne7 30. Bxc6 bxc6 31. g4 Kf7 32. b3 cxb3 33.
axb3 Ke6 34. c4 Nc8 35. Bf4 Kd7 36. Kd3 a6 37. Ke4 Ne7 38. Bh6 Ke6 39. h5 Nc8
40. d5+ cxd5+ 41. cxd5+ Ke7 42. Bf4 Nb6 43. Bc7 Nc8 44. Kf5 1-0

[Event "Campeonato de España sub-18 2011"]
[Site "Padron ESP"]
[Date "2011.07.27"]
[Round "4.7"]
[White "Silva Rodriguez, Julio"]
[Black "Meneses Gonzalez, Kevin"]
[Result "0-1"]
[WhiteElo "2133"]
[BlackElo "2226"]
[PlyCount "88"]
[EventDate "2011.07.25"]
[EventType "swiss"]
[EventRounds "9"]
[EventCountry "ESP"]
[Source "lmi"]
[SourceDate "2011.07.25"]

1. e4 c5 2. Nf3 d6 3. d4 cxd4 4. Nxd4 Nf6 5. Nc3 a6 6. Bc4 e6 7. Bb3 b5 8. O-O
Be7 9. Qf3 Qb6 10. Be3 Qb7 11. a3 Nbd7 12. Rfe1 Nc5 13. Bg5 O-O 14. Rad1 Bd7
15. Bh4 Rfd8 16. Qg3 Rac8 17. f3 a5 18. Nce2 Qb6 19. Kh1 b4 20. axb4 Qxb4 21.
Nf4 a4 22. c3 Qb6 23. Ba2 Qxb2 24. Re2 Qxc3 25. Nf5 exf5 26. exf5 Bf8 27. Nd5
Nxd5 28. Bxd8 Ne3 29. Ba5 Qxa5 30. Rxe3 Bxf5 31. Qg5 Bg6 32. h4 Qd8 33. Qg4 Qd7
34. Qg5 Qf5 35. Qxf5 Bxf5 36. g4 Be6 37. Bxe6 fxe6 38. Ra1 d5 39. Kg2 Rb8 40.
Re2 Kf7 41. Kf2 Rb3 42. Rc2 e5 43. h5 Ke6 44. Rd1 a3 0-1

[Event "Campeonato de España sub-18 2011"]
[Site "Padron ESP"]
[Date "2011.07.27"]
[Round "4.8"]
[White "Ramirez Medina, Victor"]
[Black "Rioboo De Larriva, Alvaro"]
[Result "0-1"]
[WhiteElo "1808"]
[BlackElo "2215"]
[PlyCount "94"]
[EventDate "2011.07.25"]
[EventType "swiss"]
[EventRounds "9"]
[EventCountry "ESP"]
[Source "lmi"]
[SourceDate "2011.07.25"]

1. e4 e6 2. Nf3 d5 3. Nc3 d4 4. Ne2 c5 5. c3 Nc6 6. cxd4 cxd4 7. Qa4 Bc5 8. b4
Bxb4 9. Nexd4 Qa5 10. Bb5 Qxa4 11. Bxa4 Nge7 12. O-O f6 13. Rb1 Bd6 14. Nxc6
Nxc6 15. d4 Kf7 16. Be3 Ne7 17. Rfc1 b6 18. Nd2 Bb7 19. Nc4 Bb8 20. f3 Rc8 21.
Kf2 h5 22. g3 h4 23. Bf4 hxg3+ 24. hxg3 Bxf4 25. gxf4 Rd8 26. Ke3 Rac8 27. Bb3
Nc6 28. e5 Ke7 29. Nd6 Rxd6 30. exd6+ Kxd6 31. Rg1 Ne7 32. Rbe1 Bd5 33. Kd3
Bxb3 34. axb3 Nd5 35. Rc1 Rg8 36. Rg4 a5 37. Kd2 Ke7 38. Rcg1 Kf7 39. Rc1 f5
40. Rh4 Ra8 41. Rc2 Kf6 42. Rc1 a4 43. bxa4 Rxa4 44. Kd3 Ra3+ 45. Ke2 Ra2+ 46.
Kd3 b5 47. Rc2 Nb4+ 0-1

[Event "Campeonato de España sub-18 2011"]
[Site "Padron ESP"]
[Date "2011.07.27"]
[Round "4.9"]
[White "Martinez Ramirez, Erik"]
[Black "Angeleri Gastana, Rodrigo N"]
[Result "1-0"]
[WhiteElo "2257"]
[BlackElo "2073"]
[PlyCount "97"]
[EventDate "2011.07.25"]
[EventType "swiss"]
[EventRounds "9"]
[EventCountry "ESP"]
[Source "lmi"]
[SourceDate "2011.07.25"]

1. e4 c5 2. Nf3 d6 3. d4 cxd4 4. Nxd4 Nf6 5. Nc3 a6 6. f3 e5 7. Nb3 Be6 8. Be3
Be7 9. Qd2 O-O 10. O-O-O Qc7 11. g4 Rc8 12. Kb1 d5 13. exd5 Nxd5 14. Nxd5 Bxd5
15. Bg2 Be6 16. h3 a5 17. f4 a4 18. Nc1 a3 19. b3 Bb4 20. Qf2 Na6 21. Nd3 Bc3
22. Bb6 Qe7 23. fxe5 Nb4 24. Nxb4 Bxb4 25. Rd3 Bc5 26. Bxc5 Rxc5 27. Rhd1 Rac8
28. Bxb7 Rf8 29. Bd5 Qc7 30. c4 Qxe5 31. Qd4 Qc7 32. Bxe6 fxe6 33. Qd6 Qxd6 34.
Rxd6 Re5 35. Kc2 Rf2+ 36. R1d2 Rf3 37. R6d3 Rf1 38. Kc3 Ree1 39. c5 e5 40. c6
Rf6 41. Rd8+ Kf7 42. R8d7+ Kg6 43. c7 Rc1+ 44. Kb4 e4 45. R2d4 Re6 46. Rc4
Rxc4+ 47. Kxc4 e3 48. c8=Q e2 49. Rd6 1-0

[Event "Campeonato de España sub-18 2011"]
[Site "Padron ESP"]
[Date "2011.07.27"]
[Round "4.10"]
[White "Garcia Salamero, Gabriel"]
[Black "Shen, Yue"]
[Result "1-0"]
[WhiteElo "2247"]
[BlackElo "2053"]
[PlyCount "95"]
[EventDate "2011.07.25"]
[EventType "swiss"]
[EventRounds "9"]
[EventCountry "ESP"]
[Source "lmi"]
[SourceDate "2011.07.25"]

1. e4 c5 2. Nf3 d6 3. d4 cxd4 4. Nxd4 Nf6 5. Nc3 a6 6. h3 g6 7. g3 Bg7 8. Bg2
O-O 9. O-O Bd7 10. Nde2 Nc6 11. Nd5 Nxd5 12. exd5 Ne5 13. c3 Qc8 14. Kh2 Bb5
15. f4 Nd3 16. a4 Bc4 17. b3 Nxc1 18. Rxc1 Bxe2 19. Qxe2 Qd7 20. c4 Rac8 21. h4
f5 22. Rfe1 Rfe8 23. a5 Bf6 24. b4 Qd8 25. Qe6+ Kg7 26. h5 b6 27. axb6 Qxb6 28.
c5 Qxb4 29. c6 Rc7 30. Rb1 Qc5 31. Rec1 Qa7 32. h6+ Kxh6 33. Qf7 Rb8 34. Rxb8
Qxb8 35. Rh1 Qb6 36. g4 Qf2 37. Qf8+ Bg7 38. g5+ Kh5 39. Qxg7 Qxf4+ 40. Kg1+
Kg4 41. Qc3 Kxg5 42. Rxh7 Qg4 43. Rh3 f4 44. Kh2 Rc8 45. Bf3 Qf5 46. c7 Qd7 47.
Qg7 Kf5 48. Bg4+ 1-0

[Event "Campeonato de España sub-18 2011"]
[Site "Padron ESP"]
[Date "2011.07.27"]
[Round "4.11"]
[White "Suarez Uriel, Adrián"]
[Black "Collado Barbas, Laura"]
[Result "1-0"]
[WhiteElo "2217"]
[BlackElo "2050"]
[PlyCount "141"]
[EventDate "2011.07.25"]
[EventType "swiss"]
[EventRounds "9"]
[EventCountry "ESP"]
[Source "lmi"]
[SourceDate "2011.07.25"]

1. e4 e6 2. Nf3 d5 3. Nc3 d4 4. Ne2 c5 5. d3 Nc6 6. g3 Bd6 7. Bg2 Qc7 8. Nd2
Bd7 9. a4 f5 10. exf5 exf5 11. Nc4 Nf6 12. O-O O-O 13. c3 dxc3 14. bxc3 Be6 15.
Nxd6 Qxd6 16. Rb1 b6 17. a5 Nxa5 18. Bxa8 Rxa8 19. Nf4 Bf7 20. Re1 Rd8 21. Bb2
Nc6 22. Qf3 Ne5 23. Qg2 Nxd3 24. Nxd3 Qxd3 25. Qb7 Bd5 26. Qc7 Be4 27. Ra1 Rd7
28. Qf4 Kf7 29. c4 Nh5 30. Qe3 Qxc4 31. Red1 Rxd1+ 32. Rxd1 Qe6 33. Qg5 Bf3 34.
Ra1 a6 35. Bc3 h6 36. Qd2 Bb7 37. Rd1 Qe4 38. Qa2+ Kg6 39. Rd6+ Kh7 40. Kf1
Qg2+ 41. Ke1 Bf3 42. Qxa6 Qg1+ 43. Qf1 Qxh2 44. Rxb6 Bg2 45. Qe2 Qh1+ 46. Kd2
Bf3 47. Qe1 Qh3 48. Qe3 Qg4 49. Qxc5 Qg5+ 50. Qe3 Qd8+ 51. Kc2 Be4+ 52. Kc1 Qd5
53. Qd4 Qxd4 54. Bxd4 Kg8 55. Kd2 Kf7 56. Ke3 Bd5 57. Rd6 Be6 58. Be5 Nf6 59.
Bxf6 Kxf6 60. Kd4 h5 61. Rb6 g6 62. f4 Kf7 63. Ke5 Bc8 64. Rc6 Bd7 65. Rc7 Ke7
66. Ra7 Ke8 67. Kf6 Bb5 68. Kxg6 Bd3 69. Kxh5 Kf8 70. Kg5 Kg8 71. Ra5 1-0

[Event "Campeonato de España sub-18 2011"]
[Site "Padron ESP"]
[Date "2011.07.27"]
[Round "4.12"]
[White "Nieto Asencio, Maria Del Carmen"]
[Black "Jordan Martinez, Miguel"]
[Result "0-1"]
[WhiteElo "2034"]
[BlackElo "2189"]
[PlyCount "56"]
[EventDate "2011.07.25"]
[EventType "swiss"]
[EventRounds "9"]
[EventCountry "ESP"]
[Source "lmi"]
[SourceDate "2011.07.25"]

1. d4 Nf6 2. Nf3 g6 3. Nc3 d5 4. Bf4 c6 5. Ne5 Bg7 6. Qd2 O-O 7. e3 Nfd7 8. Rd1
f6 9. Nxd7 Nxd7 10. Bg3 f5 11. f4 b5 12. Bd3 a5 13. O-O Ba6 14. Bh4 Nb6 15. b3
Qd7 16. Qe2 Qb7 17. Nb1 e6 18. Nd2 Rfc8 19. Rc1 c5 20. c3 c4 21. bxc4 dxc4 22.
Bb1 b4 23. Nf3 Nd5 24. cxb4 axb4 25. Ne5 Bxe5 26. fxe5 c3 27. Bd3 Bxd3 28. Qxd3
Rxa2 0-1

[Event "Campeonato de España sub-18 2011"]
[Site "Padron ESP"]
[Date "2011.07.27"]
[Round "4.13"]
[White "Baragaño Campa, David"]
[Black "Perera Borrego, Mariela"]
[Result "1-0"]
[WhiteElo "2188"]
[BlackElo "2046"]
[PlyCount "115"]
[EventDate "2011.07.25"]
[EventType "swiss"]
[EventRounds "9"]
[EventCountry "ESP"]
[Source "lmi"]
[SourceDate "2011.07.25"]

1. e4 d6 2. d4 Nf6 3. Nc3 e5 4. Nf3 Nbd7 5. Bc4 Be7 6. O-O O-O 7. Re1 c6 8. a4
a5 9. Ba2 exd4 10. Nxd4 Nc5 11. Bf4 Be6 12. e5 dxe5 13. Nxe6 Nxe6 14. Bxe5 Qxd1
15. Raxd1 Rfd8 16. Bxe6 fxe6 17. Rxd8+ Bxd8 18. Rd1 Kf8 19. Kf1 Ke8 20. Ne2 Be7
21. Nf4 Kf7 22. Rd3 g5 23. Ne2 Rd8 24. Rxd8 Bxd8 25. Nc1 Nd7 26. Bd4 e5 27. Be3
Ke6 28. Ke2 Kd5 29. b3 Nf8 30. c4+ Kd6 31. Kd3 Nd7 32. Ke4 Ke6 33. Kf3 Kf5 34.
g4+ Ke6 35. Nd3 b6 36. b4 Nf6 37. bxa5 e4+ 38. Kg2 bxa5 39. Nc5+ Ke5 40. Bxg5
Be7 41. Bxf6+ Kxf6 42. Nxe4+ Ke5 43. Kf3 Kd4 44. c5 Kc4 45. Ke3 Kb4 46. Kd3
Kxa4 47. Kc4 Ka3 48. f4 Kb2 49. Nc3 Bf6 50. Na4+ Kc2 51. g5 Bd8 52. h4 Bc7 53.
f5 Be5 54. f6 h5 55. Nb6 Bb2 56. f7 Bg7 57. g6 Kb2 58. Nd7 1-0

[Event "Campeonato de España sub-18 2011"]
[Site "Padron ESP"]
[Date "2011.07.27"]
[Round "4.14"]
[White "Medarde Santiago, Luis Marcos"]
[Black "Nieto De La Cruz, Julio"]
[Result "1/2-1/2"]
[WhiteElo "2018"]
[BlackElo "2183"]
[PlyCount "63"]
[EventDate "2011.07.25"]
[EventType "swiss"]
[EventRounds "9"]
[EventCountry "ESP"]
[Source "lmi"]
[SourceDate "2011.07.25"]

1. e4 c5 2. Ne2 g6 3. g3 Bg7 4. d4 cxd4 5. Nxd4 Nc6 6. Ne2 Nf6 7. Bg2 O-O 8.
Nbc3 d6 9. h3 Be6 10. Nd5 b5 11. Nef4 Rc8 12. O-O Bd7 13. c3 Ne8 14. a4 bxa4
15. Rxa4 Rb8 16. Ra2 e6 17. Ne3 Na5 18. b4 Nc6 19. Ne2 Qc7 20. Nc2 Ne5 21. Be3
Ra8 22. Bd4 Bb5 23. Na3 Bc6 24. Nc2 Qb7 25. f4 Nd7 26. Bxg7 Kxg7 27. Qd3 Ndf6
28. Rfa1 a6 29. Ncd4 Bxe4 30. Bxe4 Nxe4 31. Rxa6 Nc7 32. R6a5 1/2-1/2

[Event "Campeonato de España sub-18 2011"]
[Site "Padron ESP"]
[Date "2011.07.27"]
[Round "4.15"]
[White "Moral Garcia, Serafin      "]
[Black "Nicolas Zapata, Javier"]
[Result "1/2-1/2"]
[WhiteElo "2182"]
[BlackElo "1982"]
[PlyCount "168"]
[EventDate "2011.07.25"]
[EventType "swiss"]
[EventRounds "9"]
[EventCountry "ESP"]
[Source "lmi"]
[SourceDate "2011.07.25"]

1. e4 c5 2. Nf3 e6 3. c3 b6 4. d4 Bb7 5. Bd3 Nf6 6. Bg5 h6 7. Bxf6 Qxf6 8. Nbd2
g5 9. e5 Qg7 10. Ne4 Be7 11. Nfd2 cxd4 12. cxd4 O-O 13. O-O f5 14. exf6 Bxf6
15. Nxf6+ Qxf6 16. Ne4 Qf4 17. Ng3 Nc6 18. Qh5 Qxd4 19. Rad1 Qg7 20. Qe2 Ne5
21. Nh5 Qf7 22. Qxe5 Qxh5 23. Bh7+ Kxh7 24. Rxd7+ Rf7 25. Rxb7 Raf8 26. Qxe6
Qg6 27. Qxg6+ Kxg6 28. Rxf7 Rxf7 29. g3 Rc7 30. f4 gxf4 31. Rxf4 a6 32. Kg2 b5
33. Rf2 a5 34. Kf1 a4 35. Ke1 b4 36. Kd1 Rc4 37. Rc2 Rd4+ 38. Ke2 Kg5 39. Ke3
Rd6 40. h3 Rd1 41. Rc5+ Kg6 42. Rb5 Ra1 43. Rxb4 Rxa2 44. Rb6+ Kg7 45. Kf4 a3
46. bxa3 Rxa3 47. Kg4 Ra4+ 48. Kh5 Ra5+ 49. Kh4 Rc5 50. Re6 Ra5 51. Kg4 Ra4+
52. Kf5 Ra3 53. Kf4 Ra1 54. g4 Rf1+ 55. Kg3 Ra1 56. h4 Ra4 57. Rc6 Rb4 58. Rc7+
Kf6 59. h5 Rb6 60. Rh7 Ke5 61. Rg7 Rf6 62. Re7+ Kd6 63. Re1 Re6 64. Ra1 Rf6 65.
Re1 Re6 66. Ra1 Rf6 67. Ra7 Ke6 68. Kh4 Ke5 69. Ra8 Ke6 70. Ra7 Ke5 71. Rg7 Ke6
72. Rc7 Ke5 73. Rc4 Ke6 74. Ra4 Ke5 75. Kg3 Ke6 76. Ra7 Ke5 77. g5 hxg5 78. Kg4
Rf1 79. h6 Kf6 80. Ra6+ Kf7 81. Kh5 Rh1+ 82. Kg4 Kg8 83. Kf5 Kh7 84. Kxg5 Rg1+
1/2-1/2

[Event "Campeonato de España sub-18 2011"]
[Site "Padron ESP"]
[Date "2011.07.27"]
[Round "4.16"]
[White "Sanchez Garcia, Julio"]
[Black "Gil Quilez, David"]
[Result "1/2-1/2"]
[WhiteElo "1972"]
[BlackElo "2182"]
[PlyCount "45"]
[EventDate "2011.07.25"]
[EventType "swiss"]
[EventRounds "9"]
[EventCountry "ESP"]
[Source "lmi"]
[SourceDate "2011.07.25"]

1. e4 d5 2. exd5 Qxd5 3. Nc3 Qd6 4. d4 Nf6 5. Nf3 a6 6. h3 Nc6 7. Be3 g6 8. g4
h6 9. Qd2 b5 10. d5 Ne5 11. Nxe5 Qxe5 12. O-O-O Qd6 13. Bg2 Bb7 14. Rhe1 O-O-O
15. Qd4 Rg8 16. Bf4 Qb6 17. Qxb6 cxb6 18. a3 Ne8 19. Be3 Kc7 20. Bf4+ Kc8 21.
Be3 Kc7 22. Bf4+ Kc8 23. Be3 1/2-1/2

[Event "Campeonato de España sub-18 2011"]
[Site "Padron ESP"]
[Date "2011.07.27"]
[Round "5.1"]
[White "Arribas Lopez, Angel"]
[Black "Pardo Simon, David"]
[Result "0-1"]
[WhiteElo "2443"]
[BlackElo "2388"]
[PlyCount "90"]
[EventDate "2011.07.25"]
[EventType "swiss"]
[EventRounds "9"]
[EventCountry "ESP"]
[Source "lmi"]
[SourceDate "2011.07.25"]

1. e4 d5 2. exd5 Qxd5 3. d4 e5 4. dxe5 Qxd1+ 5. Kxd1 Nc6 6. Bf4 Nge7 7. Nc3 Bf5
8. Nf3 Ng6 9. Bg3 O-O-O+ 10. Kc1 Bg4 11. Be2 Bxf3 12. Bxf3 Ngxe5 13. Be2 Be7
14. a3 f5 15. Rd1 Rxd1+ 16. Kxd1 Rd8+ 17. Kc1 Bf6 18. f4 Nf7 19. Bd3 Nd4 20.
Kd2 Nd6 21. Re1 c6 22. Bf2 g6 23. Kc1 b6 24. h3 Re8 25. Rxe8+ Nxe8 26. Bc4 Kd7
27. Bg8 Ne6 28. Ne2 Ke7 29. g4 fxg4 30. hxg4 h5 31. f5 gxf5 32. gxf5 N6g7 33.
a4 Nxf5 34. a5 h4 35. axb6 axb6 36. Bh7 Ned6 37. Bxf5 Nxf5 38. Bxb6 h3 39. Bg1
Be5 40. Kd2 Ng3 41. Nc1 Bf4+ 42. Ke1 Bxc1 43. b4 Nf5 44. Bh2 Ne3 45. Kf2 Ng4+
0-1

[Event "Campeonato de España sub-18 2011"]
[Site "Padron ESP"]
[Date "2011.07.27"]
[Round "5.2"]
[White "Cruz Lledo, Pablo"]
[Black "Ladron De Guevara Pinto, Paolo"]
[Result "0-1"]
[WhiteElo "2269"]
[BlackElo "2269"]
[PlyCount "72"]
[EventDate "2011.07.25"]
[EventType "swiss"]
[EventRounds "9"]
[EventCountry "ESP"]
[Source "lmi"]
[SourceDate "2011.07.25"]

1. d4 Nf6 2. c4 c5 3. d5 e6 4. Nc3 exd5 5. cxd5 d6 6. e4 g6 7. f3 Bg7 8. Nge2
O-O 9. Ng3 h5 10. Be2 a6 11. a4 Nh7 12. Be3 Nd7 13. O-O h4 14. Nh1 f5 15. Qd2
Qf6 16. f4 b6 17. Nf2 Bb7 18. exf5 gxf5 19. Nh3 Rae8 20. Bf2 Qh6 21. Bf3 Ne5
22. Be2 Ng4 23. Bxg4 fxg4 24. Ng5 Nxg5 25. fxg5 Qh5 26. Kh1 h3 27. Bg3 hxg2+
28. Qxg2 Qxg5 29. Rxf8+ Rxf8 30. Rd1 Bd4 31. Bxd6 Rf3 32. Re1 Rxc3 33. Re8+ Kg7
34. Re7+ Kh6 35. Re6+ Kh5 36. h3 Rxh3+ 0-1